Obnova panelových domov - ich architektonický, dispozičný a urbanistický potenciál
Salvato in:
| Autore principale: | |
|---|---|
| Altri autori: | |
| Natura: | Manoscritto Libro |
| Lingua: | slovacco |
| Pubblicazione: |
Bratislava
2016
|
| Soggetti: | |
| Accesso online: | http://is.stuba.sk/zp/portal_zp.pl?podrobnosti=121598 |
| Tags: |
Nessun Tag, puoi essere il primo ad aggiungerne!!
|
MARC
| LEADER | 00000ntm a22000003a 4500 | ||
|---|---|---|---|
| 001 | stuzp57876 | ||
| 003 | SK-STU | ||
| 005 | 20210224102242.9 | ||
| 007 | ta | ||
| 008 | 150427s2015----xo-----f-mn---000-0-slo-d | ||
| 040 | |a STU |b slo | ||
| 041 | 0 | |a slo | |
| 100 | 1 | |a Hriciga, Tomáš |u 050000 |4 aut |T FAD Fakulta architektúry |X 40031 |U A |Y 50 |7 A000040031 | |
| 242 | 0 | 1 | |a Renewal of prefab houses - the architectural, disposition and urban potential |y eng |
| 245 | 1 | 0 | |a Obnova panelových domov - ich architektonický, dispozičný a urbanistický potenciál |
| 260 | |c 2016 |a Bratislava | ||
| 650 | 4 | |a obnova |2 slo | |
| 650 | 4 | |a panelové domy |2 slo | |
| 650 | 4 | |a potenciál |2 slo | |
| 650 | 4 | |a prefab houses |2 eng | |
| 650 | 4 | |a renovation |2 eng | |
| 650 | 4 | |a potential |2 eng | |
| 700 | 1 | |a Paňák, Pavel |u 050900 |k Z1 |4 ths |U FAD Fakulta architektúry |T FA Dekanát |X 70322 |U A0900 |Y 158 |7 A000070322 | |
| 856 | 4 | |u http://is.stuba.sk/zp/portal_zp.pl?podrobnosti=121598 |u https://opac.crzp.sk/?fn=detailBiblioForm&sid=FFEED6484134604A3D70A8B88729 | |
| SQL | |a stuzp57876 |b DDP |c SLO |d Obnova panelových domov - ich architektonický, dispozičný a urbanistický potenciál |e 40031 |f Hriciga, Tomáš |g 05 |h 70322 |i Paňák, Pavel |j 20160602 |k 153 |l 05 |m http://is.stuba.sk/zp/portal_zp.pl?podrobnosti=121598 |n I-ARCH |o 5.1.1. architektúra a urbanizmus | ||